000 00583nam a2200205Ia 4500
005 20230318101541.0
008 131103s9999 xx 000 0 und d
040 _aLoreto College
041 _aEnglish
082 _a891.44
_bTAG-CHO
100 _aChoudhury, Satyajit
245 _aAbanindra-nandantatta
_cSatyajit Choudhury
260 _aCalcutta
_bsanyal Prakasan
_c1977
300 _a224p
504 _aInclude index
650 _aTagore, Abanindra - Criticism and Interpretation
651 _aBengali Literature - History and Criticism
850 _aLCLIB
942 _cBK
999 _c20496
_d70975